| 000 | 00000nam##2200000za#4500 |
| 001 | 9.700438 |
| 003 | CaOODSP |
| 005 | 20250506145324 |
| 007 | cr ||||||||||| |
| 008 | 150407|1966||||xxc|||||o f|0| 0 eng|d |
| 040 | |aCaOODSP|beng |
| 043 | |an-cn--- |
| 086 | 1 |aA43-1290/1966E-PDF |
| 110 | 1 |aCanada.|bAgriculture Canada. |
| 245 | 10|aControl of wireworms in Nova Scotia / |h[electronic resource]|c[by] C.J.S. Fox and M.E. Neary. |
| 250 | |aRev. 1966 |
| 260 | |aOttawa - Ontario : |bAgriculture Canada |c1966. |
| 300 | |a8p.|billus. |
| 500 | |aIncorrect copyright date (1992) printed in this publication. |
| 500 | |aHistorical publication digitized by Agriculture and Agri-Food Canada. |
| 590 | |a15-03-Supp|b2015-03-13 |
| 690 | 07|aPlants|2gcpds |
| 690 | 07|aWild plants|2gcpds |
| 720 | 1 |aFox, C. J. S. |
| 720 | 1 |aNeary, M. E. |
| 775 | 08|tRépression des taupins en Nouvelle-Écosse / |w(CaOODSP)9.644330 |
| 856 | 40|ahttp://publications.gc.ca|qPDF|s420 KB|uhttps://publications.gc.ca/collections/collection_2015/aac-aafc/A43-1290-1966-eng.pdf |
| 986 | |aPublication 1290 |